000
00291nam a22001337a 4500
003
SGT
082
_a
615
_b
P15N
100
_a
NAJMI, AHMAD
245
_a
PHARMACOLOGY EASY CONCISE GOALORIENTED
260
_a
DELHI
_b
PARAS PUB
_c
2015
300
_a
256
650
_a
PHARMACOLOGY
942
_2
ddc
_c
BK
999
_c
8509
_d
8509